|
|
|
|
| LEADER |
01453cam a22002537i 4500 |
| 001 |
9390128 |
| 005 |
20240704110509.0 |
| 008 |
170306s1964 us f b 001 0 eng d |
| 010 |
|
|
|a 64019110
|
| 040 |
|
|
|a DLC
|b gre
|c ODaWU
|d OCoLC
|d Uk
|d DLC
|d GR-PaULI
|e AACR2
|
| 082 |
0 |
4 |
|a 882.09
|2 23
|
| 100 |
1 |
|
|a Snell, Bruno,
|d 1896-1986.
|e συγγραφέας
|9 116264
|
| 245 |
1 |
0 |
|a Scenes from Greek drama /
|c by Bruno Snell.
|
| 260 |
|
|
|a Berkeley :
|b University of California Press,
|c 1964.
|
| 300 |
|
|
|a vi, 147 σ.
|c 24 εκ.
|
| 490 |
|
|
|a Sather classical lectures ;
|v 34
|
| 504 |
|
|
|a Περιλαμβάνει βιβλιογραφία και ευρετήριο.
|
| 505 |
0 |
|
|a Shame and guilt: Aeschylus' Achilles -- Passion and reason: Phaedra in Hippolytos I -- Passion and reason: Medea and Phaedra in Hippolytos II -- Viva activa and Vita contemplativa in Euripides' Antiope -- A unique satyr drama, Python's Agen: structure and dating -- Python's Agen: sources, political slant -- Appendix: The Florence papyrus of Aeschylus' Myrmidons.
|
| 650 |
|
4 |
|a Ελληνικό δράμα
|x Ιστορία και κριτική
|9 542
|
| 830 |
|
0 |
|a Sather classical lectures (University of California Press)
|v 34
|9 156633
|
| 942 |
|
|
|2 ddc
|c BK15
|
| 952 |
|
|
|0 0
|1 0
|2 ddc
|4 0
|6 882_090000000000000_SNE
|7 0
|9 210570
|a THST
|b THST
|d 2017-03-06
|i 002412
|l 0
|o 882.09 SNE
|p 025000014888
|r 2017-03-06 00:00:00
|t 1
|v 2017.00
|w 2017-03-06
|y BK15
|
| 998 |
|
|
|c ΜΑΝΙΑ
|d 2017-03
|
| 999 |
|
|
|c 128214
|d 128214
|